Agreed and adopted - the landfill directive proposals (Record no. 59852)

MARC details
000 -LEADER
fixed length control field 01107cab a2200241 4500
001 - CONTROL NUMBER
control field ABS57147
008 - FIXED-LENGTH DATA ELEMENTS--GENERAL INFORMATION
fixed length control field 090401t1997 xxu||||| |||| 00| 0 eng d
035 ## - SYSTEM CONTROL NUMBER
System control number (Sirsi) u98467
041 ## - LANGUAGE CODE
Language code of text/sound track or separate title eng
100 ## - MAIN ENTRY--PERSONAL NAME
Personal name Rice, P.
245 ## - TITLE STATEMENT
Title Agreed and adopted - the landfill directive proposals
260 ## - PUBLICATION, DISTRIBUTION, ETC.
Date of publication, distribution, etc. 1997
350 ## - PRICE (NR) (BK AM CF MU VM SE) [OBSOLETE]
Price 0
490 ## - SERIES STATEMENT
Series statement Wastes Management
Volume/sequential designation May 1997, 21-22(2)
520 ## - SUMMARY, ETC.
Summary, etc. A look at the likely effects of the draft EU Directive on the landfill of waste, agreed and adopted by the Commission on 5 March 1997, on two main groups, landfill operators and environmental technology suppliers. Highlights proposals such as a reduction in landfill of biodegradable waste and gas utilisation; pre-treatment requirement for waste prior to final disposal; increased costs of landfilling; a ban on disposal of certain wastes and on joint disposal of hazardous and non-hazardous waste. Timetable for implementation.
650 ## - SUBJECT ADDED ENTRY--TOPICAL TERM
Topical term or geographic name entry element BIODEGRADEABLE WASTE
650 ## - SUBJECT ADDED ENTRY--TOPICAL TERM
Topical term or geographic name entry element EU DIRECTIVES
650 ## - SUBJECT ADDED ENTRY--TOPICAL TERM
Topical term or geographic name entry element LAND RECLAMATION
650 ## - SUBJECT ADDED ENTRY--TOPICAL TERM
Topical term or geographic name entry element LANDFILL
690 ## - LOCAL SUBJECT ADDED ENTRY--TOPICAL TERM (OCLC, RLIN)
Topical term or geographic name as entry element LAND
942 ## - ADDED ENTRY ELEMENTS (KOHA)
Suppress in OPAC 0
948 ## - LOCAL PROCESSING INFORMATION (OCLC); SERIES PART DESIGNATOR (RLIN)
c (OCLC) 12/06/1997

No items available.